| 000 | 00961nam a22002177a 4500 | ||
|---|---|---|---|
| 999 |
_c8251 _d8251 |
||
| 003 | AR-CdUCM | ||
| 008 | 190322b ||||| |||| 00| 0 spa d | ||
| 040 |
_aMUNICIPALIDAD PROVINCIAL DEL CUSCO _cBIBLIOTECA MUNICIPAL DEL CUSCO |
||
| 082 |
_a630.1 / _bAG27 |
||
| 110 |
_aMinisterio federal de cooperación económica y desarrollo _923216 |
||
| 245 |
_aagricultura sostenible : _buna salida a la pobreza para la población rural de Perú y Bolivia / |
||
| 260 |
_aPerú, Bolivia : _bGTZ, _c2008. |
||
| 300 |
_a219 paginas ; _bilustraciones, _c30 cm. |
||
| 505 | _aContenido : Agricultura sostenible de pequeños productores una vía para combatir el hambre y la pobreza -- Producción sostenible para el mercado -- La gestión del agua -- Difusión y desarrollo... | ||
| 650 |
_aAgricultura sostenible _923217 |
||
| 650 |
_aPoblación rural _923218 |
||
| 650 |
_aPolítica agraria _93156 |
||
| 710 |
_aSUSTAINET _923219 |
||
| 942 |
_2ddc _cLIBROS |
||
| 945 | _awnts | ||